Normal view
MARC view
Entry Personal Name
001 - CONTROL NUMBER
- control field: 21994
003 - CONTROL NUMBER IDENTIFIER
- control field: ARRUPE
005 - DATE AND TIME OF LATEST TRANSACTION
- control field: 20160203154625.0
008 - FIXED-LENGTH DATA ELEMENTS
- fixed length control field: 160203|| aca||aabn | a|a d
040 ## - CATALOGING SOURCE
- Original cataloging agency: ARRUPE
- Transcribing agency: ARRUPE
100 ## - HEADING--PERSONAL NAME
- Personal name: Boorstin, Daniel Joseph
670 ## - SOURCE DATA FOUND
- Source citation: Work cat.: (ARRUPE)555: Boorstin, Daniel Joseph, The Americans